Right to Information law and practice : (Record no. 101946)

MARC details
000 -LEADER
fixed length control field 00730nam a22001817a 4500
005 - DATE AND TIME OF LATEST TRANSACTION
control field 20181204120214.0
010 ## - LCCN (DPL NO)
LC control number ENG-115673
020 ## - INTERNATIONAL STANDARD BOOK NUMBER
International Standard Book Number 9789351437451
Terms of availability 1495.00
035 ## - SYSTEM CONTROL NUMBER
System control number EN-99205
037 ## - SOURCE OF ACQUISITION
Source of stock number/acquisition DBAD/PUB
082 ## - DEWEY DECIMAL CLASSIFICATION NUMBER
Classification number 342.540662
100 ## - MAIN ENTRY--PERSONAL NAME
Personal name Tandon,Rajesh
245 ## - TITLE STATEMENT
Title Right to Information law and practice :
Remainder of title exhaustive commentary on the right to information Act, 2005 along with case law from Supreme court, high courts and various information commissions /
Statement of responsibility, etc by Rajesh Tandon
260 ## - PUBLICATION, DISTRIBUTION, ETC. (IMPRINT)
Place of publication, distribution, etc Gurgaon
Name of publisher, distributor, etc LexisNexis
Date of publication, distribution, etc 2016
270 ## - ADDRESS
Address 14th floor Building N0-10Tower -B,DLF Cyber City Phase-II
City Gurgaon(Haryana)
Postal code 122002
300 ## - PHYSICAL DESCRIPTION
Extent Various Pagings
Dimensions 24cm(Hb)
942 ## - ADDED ENTRY ELEMENTS (KOHA)
Source of classification or shelving scheme Dewey Decimal Classification
Item type English Books
Classification part 342.540662
Call number suffix TAN
Holdings
Withdrawn status Lost status Not for loan Collection code Home library Current library Date acquired Source of acquisition Cost, normal purchase price Full call number Barcode Copy number Cost, replacement price Koha item type
    Not For Loan Non-fiction D.B.Act.Division Bawana 08/08/2016 DBAD/PUB 1495.00 342.540662 TAN EN-99205 1 1495.00 English Books

© Delhi Public Library
Hit Counter
free hit counter